Najzimniejsze państwa Europy - Statystyki

Ogólne statystyki
  • Ten quiz został rozwiązany 55 razy
  • Średni wynik to 9 z 10
Statystyki odpowiedzi
° C Państwo ° F % Poprawnych
-3,8 Rosja 25,2
100%
2,7 Norwegia 36,9
96%
3,4 Szwecja 38,0
96%
6,4 Estonia 43,4
94%
2,6 Finlandia 36,7
94%
6,9 Łotwa 44,3
94%
2,3 Islandia 36,1
92%
7,3 Litwa 45,1
92%
7,3 Białoruś 45,1
90%
6,9 Szwajcaria 44,3
53%
Nie znaleziono quizów pasujących do podanych kryteriów
Rozkład punktacji
Procent ludzi z każdym wynikiem
Percentyl według liczby udzielonych odpowiedzi
Twoja historia wyników
Nie rozwiązałeś tego quizu